000 00367nam a2200121Ia 4500
008 231129s9999||||xx |||||||||||||| ||spa||
020 _a958-9475-43-4
082 _a624.14 C966c
100 _aCújar Chamorro Germán
245 0 _aCimentaciones superficiales
264 _aCali Colombia : Universidad del Cauca
942 _2ddc
_cBKS
999 _c6985
_d6985